Loading...
| Science - Biology | 0 | 5 | 0 | 2 | 50 | 88 | 124.40 | 0 | 1 | 3.52 | 17.10 |
| Science - Physics | 0 | 4 | 0 | 1 | 40 | 114 | 126.75 | 0 | 0 | 4.03 | 16.96 |
| Science - Chemistry | 0 | 3 | 1 | 0 | 25 | 114 | 130.67 | 0 | 0 | 1.82 | 5.16 |
| Other Science (Math) | 0 | 2 | 1 | 1 | 15 | 120 | 125.50 | 0 | 0 | 2.61 | 17.86 |
| Other Science (Computer Science) | 0 | 1 | 0 | 0 | 10 | 129 | 129.00 | 0 | 0 | 0.19 | 8.33 |
| Social Science | 0 | 0 | 0 | 0 | 0 | 0.00 | 0 | 0 | 0.00 | 0.00 | |
| Other Science (Engineering) | 0 | 0 | 0 | 0 | 0 | 0.00 | 0 | 0 | 0.00 | 0.00 | |
| Fine Arts - Classical Music and Opera | 0 | 0 | 0 | 0 | 0 | 0.00 | 0 | 0 | 0.00 | 0.00 | |
| Other Science (Astronomy) | 0 | 0 | 1 | 0 | -5 | 0.00 | 0 | 0 | 0.00 | 0.00 |